| 000 | 02122nam0a2200397 4500 | ||
|---|---|---|---|
| 001 | RU\NLR\bibl\963309 | ||
| 005 | 20260406100424.0 | ||
| 010 |
_a5-91131-076-7 _bВ пер. _92500 |
||
| 021 |
_aRU _b2006-26478 _91315 |
||
| 035 | _a(nilc)RSL-KNO-002883622 | ||
| 035 | _a(NLR Aleph) 000951325 | ||
| 090 |
_a281565 _c281565 |
||
| 100 | _a20060511d2006 |||y0rusy50 ca | ||
| 101 | 0 | _arus | |
| 102 | _aRU | ||
| 105 | _aa ||||||||| | ||
| 106 | _ar | ||
| 200 | 1 |
_aУправленческие решения _eучебник по специальности 061100 "Менеджмент организации" _fК.В. Балдин, С.Н. Воробьев, В.Б. Уткин _gИзд.-торг. корпорация "Дашков и К°" |
|
| 205 | _a3-е изд. | ||
| 210 |
_aМосква _cДашков и К° _d2006 _eЛюберцы (Моск. обл.) _gПИК ВИНИТИ |
||
| 215 |
_a493, [1] с. _cил. _d21 |
||
| 320 | _aБиблиогр. в конце кн. (71 назв.) | ||
| 606 | 1 |
_aУправление _jУчебники для высших учебных заведений _xПринятие решений _91155015 _3RU\NLR\auth\66461461 |
|
| 610 | 0 | _aСоциология -- Социальные подсистемы -- Научное управление обществом -- Система и процесс управления. Управление как комплекс функций -- Учебник для высшей школы | |
| 610 | 0 | _aрешения в управлении | |
| 686 |
_aС555.373я73-1 _2rubbk |
||
| 686 | _aУ21(0)230.1я73 | ||
| 700 | 1 |
_4070 _8rus _7ca _aБалдин _bК. В. _gКонстантин Васильевич _3RU\NLR\auth\7776532 _959460 |
|
| 701 | 1 |
_4070 _8rus _7ca _aВоробьев _bС. Н. _cканд. техн. наук, экономист _gСергей Николаевич _3RU\NLR\auth\7730797 _913815 |
|
| 701 | 1 |
_aУткин _bВ. Б. _gВладимир Борисович _4070 |
|
| 801 | 0 |
_aRU _bРКП _c20060511 _grcr |
|
| 801 | 1 |
_aRU _bРГБ _c20060511 |
|
| 801 | 2 |
_aRU _bNLR _c20060629 _grcr |
|
| 942 | _cBOOK | ||
| 980 | _aNB | ||